Missing Word: Shakespeare Movies Quiz Stats

Quiz Updated Oct 23, 2014

Challenge
Share
Tweet
Embed
Score 0/11 Timer 04:00
0 Plays Today
Title Missing Word % Correct
West ____ Story (1961)Side
97.8%
10 Things I ____ About You (1999)Hate
95.4%
Gnomeo and ____ (2011) Juliet
85.9%
Rosencrantz and Guildenstern are ____ (1990)Dead
75.9%
____ Us from Eva (2003)Deliver
60.4%
She's the ____ (2006)Man
56.8%
The ____ King (1994)Lion
51.4%
Get ____ It (2001)Over
34.6%
In the ____ Midwinter (1996)Bleak
27.4%
____ Planet (1956)Forbidden
23.4%
____ Man (1994)Renaissance
4%

Today's Daily Dose

Missing Word
Movie Mash-Ups

Word Ladder
Game Show Hosts

Quick Pick
Bowling Terms

On This Day
December 11th

You're not logged in!

Compare scores with friends on all Sporcle quizzes.
Sign Up with Email
OR
Log In

You Might Also Like...

Show Comments

Extras

Top Quizzes Today


Score Distribution

Your Account Isn't Verified!

In order to create a playlist on Sporcle, you need to verify the email address you used during registration. Go to your Sporcle Settings to finish the process.